000
00305nam a2200121Ia 4500
008
220204s9999 xx 000 0 und d
082
_a
657.6
_b
THO
100
_a
Mclintock, Thomson
245
0
_a
Thomson Mclintock audit manual
260
_a
London
_b
Macmillan
_c
1983
650
_a
Audit manual
942
_c
BK
999
_c
38400
_d
38400